|
|
|
|
| LEADER |
00000nam0a2200000 4500 |
| 001 |
91111 |
| 005 |
20231031103905.0 |
| 010 |
|
|
|a 5482000745
|
| 035 |
|
|
|a (RuTPU)RU\TPU\book\97689
|
| 035 |
|
|
|a RU\TPU\book\53234
|
| 090 |
|
|
|a 91111
|
| 100 |
|
|
|a 20060220d2005 m y0rusy50 ca
|
| 101 |
0 |
|
|a rus
|
| 102 |
|
|
|a RU
|
| 105 |
|
|
|a y j 001zy
|
| 200 |
1 |
|
|a Земельное право
|e учебник
|f под ред. С. А. Боголюбова
|
| 210 |
|
|
|a Москва
|c Проспект
|d 2005
|
| 215 |
|
|
|a 400 с.
|
| 320 |
|
|
|a Библиография в конце глав.
|
| 330 |
|
|
|a Настоящий учебник написан с учетом новейшего земельного законодательства, прежде всего нового Земельного кодекса РФ. В нем рассмотрены традиционные вопросы теории земельного права и практики его применения. Кроме того, разъясняются наиболее актуальные для современного периода механизмы регулирования земельных отношений с учетом представления о земле как о важнейшем природном ресурсе, основе жизнедеятельности народов Российской Федерации и имуществе особого рода. Большое внимание уделено вопросам соотношения полномочий государства по регулированию земельных отношений и прав землевладельцев. Для студентов, аспирантов и преподавателей юридических и сельскохозяйственных вузов и факультетов, а также широкого круга читателей, интересующихся проблемами осуществления прав на землю.
|
| 451 |
|
1 |
|0 (RuTPU)RU\TPU\book\152676
|y 978-5-9788-0021-0
|t Земельное право
|o учебник
|f С. А. Боголюбов
|e 3-е изд., перераб. и доп.
|c М.
|n Проспект
|d 2009
|p 402 с.
|a Боголюбов, Сергей Александрович
|
| 451 |
|
1 |
|0 (RuTPU)RU\TPU\book\53234
|y 5-902171-57-1
|t Земельное право
|o учебник
|f Институт законодательства и сравнительного правоведения при Правительстве Российской Федерации; под ред. С. А. Боголюбова
|c М.
|n Проспект
|d 2003
|p 400 с.
|
| 610 |
1 |
|
|a право
|
| 610 |
1 |
|
|a земельное право
|
| 610 |
1 |
|
|a земельные правоотношения
|
| 610 |
1 |
|
|a собственность
|
| 610 |
1 |
|
|a сделки
|
| 610 |
1 |
|
|a охрана
|
| 610 |
1 |
|
|a земельный кадастр
|
| 610 |
1 |
|
|a государственная регистрация
|
| 610 |
1 |
|
|a земельные участки
|
| 610 |
1 |
|
|a защита прав
|
| 610 |
1 |
|
|a сельское хозяйство
|
| 610 |
1 |
|
|a поселения
|
| 610 |
1 |
|
|a промышленность
|
| 610 |
1 |
|
|a недропользование
|
| 610 |
1 |
|
|a правовые режимы
|
| 610 |
1 |
|
|a особо охраняемые территории
|
| 610 |
1 |
|
|a использование
|
| 610 |
1 |
|
|a юридическая ответственность
|
| 610 |
1 |
|
|a учебники
|
| 610 |
1 |
|
|a права
|
| 610 |
1 |
|
|a земли
|
| 686 |
|
|
|a Х625я73
|v LBC/SL-A
|2 rubbk
|
| 702 |
|
1 |
|a Боголюбов
|b С. А.
|g Сергей Александрович
|4 340
|
| 801 |
|
1 |
|a RU
|b 63413507
|c 20030421
|g PSBO
|
| 801 |
|
2 |
|a RU
|b 63413507
|c 20170214
|g PSBO
|
| 900 |
|
|
|a Право
|
| 942 |
|
|
|c BK
|
| 952 |
|
|
|a 521400
|b 021100
|